| 000 | 00636nam a2200217 a 4500 | ||
|---|---|---|---|
| 005 | 20240924071124.0 | ||
| 008 | 030514s1989 mx r 000 0 spa d | ||
| 020 | _a8426124054 | ||
| 035 | _aUPN01000124215 | ||
| 049 | _aCG | ||
| 050 | 4 |
_aPQ6623 A7.659 _bD6.3 |
|
| 100 | 1 |
_aMartín Vigil, José Luis, _d1919- |
|
| 245 | 1 | 0 |
_aDoce indeseables / _cJosé Luis Martín Vigil. |
| 260 |
_aBarcelona, Esp. : _bJuventud, _c1989. |
||
| 300 | _a202 p. | ||
| 440 | 0 |
_aLibros de bolsillo Z ; _v267 |
|
| 650 | 4 |
_aLiteratura española _95069 |
|
| 650 | 4 |
_aNovela española _ySiglo XX _99779 |
|
| 650 | 4 |
_aLiteratura juvenil _95153 |
|
| 905 | _aLibro | ||
| 999 |
_c96394 _d96394 |
||